000
00195 a2200097 4500
001
8240
100
_a
Buck, P A
245
_a
Command the Morning
260
_a
_b
Methuen
_c
090
_c
6624
_d
6624
942
_a
NUST-CAE
_c
M
_c
33183
999
_c
243313
_d
243313